El eterno silencio de mis nostalgias.

Uloženo v:
Podrobná bibliografie
Médium: Neznámo
Jazyk:Spanish
Vydáno: San José, Costa Rica : Guayacán, 2000.
Vydání:1 edición
Témata:
Tagy: Přidat tag
Žádné tagy, Buďte první, kdo vytvoří štítek k tomuto záznamu!

MARC

LEADER 000000000a22000000004500
001 002841
008 170831b xxu||||| |||| 00| 0 spa d
041 0 |a spa 
082 0 4 |a CR861.44   |b C3557e 
245 0 3 |a El eterno silencio de mis nostalgias. 
250 |a 1 edición 
260 1 |a San José, Costa Rica :   |b Guayacán,   |c 2000. 
300 |a 60 páginas 
650 4 |a LITERATURA COSTARRICENSE  |9 76 
650 4 |a POESIA  |9 159 
942 |c BK  |2 ddc 
999 |c 9192  |d 9192